Comparative politics: an introduction to the politics of the United Kingdom, France, Germany, and the Soviet Union

Guardat en:
Dades bibliogràfiques
Autors principals: Jacobs, Dan Norman (Autor), Conradt, David P (Autor), Peters, Buy G (Autor), Safran, William (Autor)
Format: Llibre
Idioma:anglès
Publicat: s.l Chatham House Publishers, Inc 1983
Edició:1a. ed
Matèries:
Etiquetes: Afegir etiqueta
Sense etiquetes, Sigues el primer a etiquetar aquest registre!

MARC

LEADER 00000cam a2200000 a 4500
001 UCC5038
003 CL-VaPUC
008 180913e19830000us |||||||||||||||||eng|d
020 |a 0934540055 
082 0 4 |a 320.3094  |b JAC  |2 21 
100 0 |a Jacobs, Dan Norman  |e author  |9 599330 
700 0 |a Conradt, David P  |e author  |9 599331 
700 0 |a Peters, Buy G  |e author  |9 599332 
700 0 |a Safran, William  |e author  |9 599333 
245 1 0 |a Comparative politics: an introduction to the politics of the United Kingdom, France, Germany, and the Soviet Union 
250 |a 1a. ed 
300 |a 370 p 
942 |c BK 
945 |d 20180913 22:58:00  |a dcastane 
260 |a s.l  |b Chatham House Publishers, Inc  |c 1983 
650 0 |a Ciencias Políticas  |9 255201 
650 7 |a TEORIA POLITICA  |2 CL-VaPUC  |9 599334 
650 0 |a Política internacional  |9 255813 
583 |a last modification  |c 20180913 22:58:00  |k Rodrigo Vera 
999 |c 372378  |d 372376 
952 |0 0  |1 0  |3 erb  |4 0  |6 320_309400000000000_JAC_1983  |7 0  |8 A  |9 490014  |a BIBHIS  |b BIBHIS  |i 5501563  |o 320.3094 JAC 1983  |p 5501563  |r 2025-01-20  |w 2019-11-24  |y BK  |z Catalogado en:20180913  |k HIS